000 00285nam a22001217a 4500
008 180124b xxu||||| |||| 00| 0 eng d
041 _aeng
080 _a612.39
100 _a10
101 _aNUT
245 _aFocus on buying and using convenience foods
_cAxler,B.H
942 _2udc
_cBK
999 _c40869
_d40869